Changing Places : Rebuilding Community in the Age of Sprawl /

El movimiento de preservación norteamericano en contra la destrucción con motivo de la revonación urbana de las comunidades está tomando auge, los autores dan ejemplos de esta actitud contra la destrucción de centros históricos y a favor de la conservación.

Gardado en:
Detalles Bibliográficos
Autor Principal: Moe, Richard (autor)
Outros autores: Wilkie, Carter (autor) (autor)
Formato: Libro
Idioma:inglés
Publicado: Nueva York, EUA : Owl Books, 1999, c1997
Temas:
Etiquetas: Engadir etiqueta
Sen Etiquetas, Sexa o primeiro en etiquetar este rexistro!

MARC

LEADER 00000nam^a2200000^a^4500
001 000122687
005 20250521000000.0
009 20260310094510.277
020 |a 0-8050-6184-3 
037 |a Acervo ITESO - Biblioteca 
041 |a ING 
082 |a 711. 40973  |b MOE 
100 |a Moe, Richard  |e (autor) 
245 1 0 |a Changing Places :  |b Rebuilding Community in the Age of Sprawl /  |c R. Moe, C. Wilkie. 
264 4 |a Nueva York, EUA :  |b Owl Books,  |c 1999, c1997 
300 |a XIII, 288 p. 
336 |a texto  |b txt  |2 rdacontenido 
337 |a sin mediación  |b n  |2 rdamedio 
338 |a volumen  |b nc  |2 rdasoporte 
520 |a El movimiento de preservación norteamericano en contra la destrucción con motivo de la revonación urbana de las comunidades está tomando auge, los autores dan ejemplos de esta actitud contra la destrucción de centros históricos y a favor de la conservación. 
649 |a XX 
650 |a Restauración y Conservación Urbana 
650 |a Planeación Urbana 
650 |a Proyecto Urbano 
650 |a Desarrollo Urbano 
650 |a Diseño Urbano 
650 |a Urbanismo -  |z EUA 
650 |a Arquitectura 
700 |a Wilkie, Carter  |e (autor) 
910 |a Fondo General 
920 |a Impresos - Libros 
930 |a Colección General 
905 |a 101 
901 |a 0500057064  |b IT1  |c ACC  |u 20250521 
901 |a 0500057133  |b IT1  |c ACC  |u 20250521 
902 |a https://opac.biblio.iteso.mx/vufind/Record/000122687